Normal view
MARC view
Entry Personal Name
001 - CONTROL NUMBER
- control field: 850466
003 - CONTROL NUMBER IDENTIFIER
- control field: OSt
005 - DATE AND TIME OF LATEST TRANSACTION
- control field: 20251107151633.0
008 - FIXED-LENGTH DATA ELEMENTS
- fixed length control field: 251107|| aca||aabn | a|a d
040 ## - CATALOGING SOURCE
- Original cataloging agency: OSt
- Transcribing agency: OSt
100 ## - HEADING--PERSONAL NAME
- Personal name: दुबे, सुरेन्द्र
670 ## - SOURCE DATA FOUND
- Source citation: Work cat.: (OSt)1435494: 821413, हिन्दू धर्म ग्रंथ एवं धर्म सुधारक , 2024.
